|
|
|
|
| LEADER |
01346nam a2200337 a 4500 |
| 001 |
35807 |
| 003 |
BD-DhAAL |
| 005 |
20250527114350.0 |
| 008 |
191229t1985 nyua b 001 0 eng d |
| 010 |
|
|
|a 83026754
|
| 020 |
|
|
|a 0023321105
|
| 040 |
|
|
|a DLC
|c DLC
|d DLC
|d BD-DhAAL
|
| 043 |
|
|
|a n-us---
|
| 050 |
0 |
0 |
|a LB1570
|b .E4254 1985
|
| 082 |
0 |
0 |
|a 375.001
|2 19
|
| 100 |
1 |
|
|a Eisner, Elliot W.
|9 38623
|
| 245 |
1 |
4 |
|a The educational imagination :
|b on the design and evaluation of school programs /
|c Elliot W. Eisner.
|
| 250 |
|
|
|a Second edition.
|
| 260 |
|
|
|a New York :
|b Macmillan ;
|a London :
|b Collier Macmillan,
|c c1985.
|
| 300 |
|
|
|a viii, 386 pages :
|b illustrations ;
|c 25 cm.
|
| 504 |
|
|
|a Includes bibliographies and index.
|
| 526 |
|
|
|a BIED
|
| 541 |
|
|
|a Complimentary copy from BIED
|e 35807
|
| 650 |
|
0 |
|a Curriculum planning
|z United States.
|9 38624
|
| 650 |
|
0 |
|a Education
|x Aims and objectives
|z United States.
|9 38625
|
| 650 |
|
0 |
|a Curriculum evaluation.
|9 38626
|
| 650 |
|
0 |
|a Curriculum change
|z United States.
|9 38627
|
| 852 |
|
|
|a Ayesha Abed Library
|c BIED Collection
|
| 942 |
|
|
|2 ddc
|c BK
|
| 999 |
|
|
|c 42103
|d 42103
|
| 952 |
|
|
|0 0
|1 0
|2 ddc
|4 0
|6 375_001000000000000_EIS
|7 0
|9 67556
|a BRACUL
|b BRACUL
|c GEN
|d 2019-12-29
|e Complimentary copy from BIED
|l 0
|o 375.001 EIS
|p 3010035807
|r 2019-12-29
|t 1
|w 2019-12-29
|y BK
|x Transferred from BIED to General Stacks
|